Flags with Crosses - Statistics

General Stats
  • This quiz has been taken 851 times
    823 since last reset
  • The average score is 14 of 26
Answer Stats
Answer % Correct
Norway
93%
Finland
91%
Sweden
91%
Denmark
90%
Iceland
89%
United Kingdom
84%
Switzerland
72%
Australia
67%
New Zealand
64%
Greece
63%
Georgia
62%
Malta
56%
Fiji
55%
Tonga
48%
Tuvalu
47%
Slovakia
42%
Dominica
39%
Jamaica
38%
Spain
37%
Serbia
33%
Dominican Republic
31%
San Marino
27%
Moldova
26%
Burundi
14%
Marshall Islands
13%
Kyrgyzstan
6%
No matching quizzes found
Score Distribution
Percent of People with Each Score
Percentile by Number Answered
Your Score History
You have not taken this quiz since the last reset